00971 2200349 4500001002100000005001500021035002000036007000300056008004100059040001700100100002000117245007000137250001000207300003500217020002300252041000800275082001200283084001800295090002300313260003400336500002900370600001100399700002800410850001000438990002200448990002900470990002200499990002700521990002700548990002300575990002300598INLIS00000000000307120260529092534 a0010-0321000034ta260529 0  aSPPUPADbind0 aMasnur Musliche1 aTata Bentuk Bahasa Indonesia Kajian Ke Arah tatabahasa Deskriptif acet.2 axii, 200 hlm. :bilus. ;c23cm a978-979-010-427--30 aind a499.221 a499.221 MAS t a499.221 MAS t 14-8 aJakarta :bBumi Aksara,c2008 aprofil penulis: hlm, 199 4aBahasa0 aeditor, Rini Rachmatika aPUPAD a12591/H/KAPD/2010 a583 s/d 585/Br/KAPD/2011 a12593/H/KAPD/2010 a22.180/B/KAPD/PDG/2016 a22.181/B/KAPD/PDG/2016 a12.593/H/KAPD/2010 a12.590/H/KAPD/2010